Słowa na literę A - Statystyki

Ogólne statystyki
  • Ten quiz został rozwiązany 66 razy
  • Średni wynik to 1 z 27
Statystyki odpowiedzi
ile liter odpowiedź % Poprawnych
6 arbuz
93%
6 amator
5%
6 ambrozja
5%
6 absurd
3%
15 afektowałybyśmy
2%
6 abazja
0%
9 abażurków
0%
9 abiologia
0%
9 abonencką
0%
15 abrogowalibyśmy
0%
6 abrysy
0%
9 absolutną
0%
15 absolutoryjnymi
0%
9 abstrakty
0%
15 absurdalizowano
0%
9 abutilony
0%
6 acylów
0%
6 adacie
0%
15 adaptacjonizmie
0%
15 adiutantującego
0%
15 aerosprężystymi
0%
6 afryko
0%
6 agrafy
0%
6 akcesu
0%
6 alalia
0%
6 alczyk
0%
6 alkowy
0%
Nie znaleziono quizów pasujących do podanych kryteriów
Rozkład punktacji
Procent ludzi z każdym wynikiem
Percentyl według liczby udzielonych odpowiedzi
Twoja historia wyników
Nie rozwiązałeś tego quizu